Space planning basics / (Record no. 7706)

000 -LEADER
fixed length control field 01167cam a2200277 i 4500
003 - CONTROL NUMBER IDENTIFIER
control field OSt
005 - DATE AND TIME OF LATEST TRANSACTION
control field 20200317170301.0
008 - FIXED-LENGTH DATA ELEMENTS--GENERAL INFORMATION
fixed length control field 150817s2016 nju b 001 0 eng
010 ## - LIBRARY OF CONGRESS CONTROL NUMBER
LC control number 2015031888
020 ## - INTERNATIONAL STANDARD BOOK NUMBER
International Standard Book Number 9781118882009 (paperback)
040 ## - CATALOGING SOURCE
Original cataloging agency DLC
Language of cataloging eng
Transcribing agency DLC
Description conventions rda
Modifying agency DLC
082 00 - DEWEY DECIMAL CLASSIFICATION NUMBER
Classification number 729
Edition number 23
Item number KAR
084 ## - OTHER CLASSIFICATION NUMBER
Classification number ARC007000
Source of number bisacsh
100 1# - MAIN ENTRY--PERSONAL NAME
Personal name Karlen, Mark,
Relator term author.
245 10 - TITLE STATEMENT
Title Space planning basics /
Statement of responsibility, etc Mark Karlen, Rob Fleming.
250 ## - EDITION STATEMENT
Edition statement Fourth edition.
300 ## - PHYSICAL DESCRIPTION
Extent xii, 237 pages ;
Dimensions 28 cm
504 ## - BIBLIOGRAPHY, ETC. NOTE
Bibliography, etc Includes bibliographical references and index.
520 ## - SUMMARY, ETC.
Summary, etc "Space Planning Basics is the go-to guide for interior designers and space planners and in this extensive revision offers a complete learning solution for anyone in the early stages of their design"--
650 #0 - SUBJECT ADDED ENTRY--TOPICAL TERM
Topical term or geographic name as entry element Interior architecture.
650 #0 - SUBJECT ADDED ENTRY--TOPICAL TERM
Topical term or geographic name as entry element Space (Architecture)
650 #7 - SUBJECT ADDED ENTRY--TOPICAL TERM
Topical term or geographic name as entry element ARCHITECTURE / Interior Design / General.
Source of heading or term bisacsh
700 1# - ADDED ENTRY--PERSONAL NAME
Personal name Fleming, Rob
Fuller form of name (Robert Michael),
Relator term author.
776 08 - ADDITIONAL PHYSICAL FORM ENTRY
Display text Online version:
Main entry heading Karlen, Mark, author.
Title Space planning basics
Edition Fourth edition.
Place, publisher, and date of publication Hoboken, New Jersey : Wiley, 2016
International Standard Book Number 9781118882511
Record control number (DLC) 2015032973
942 ## - ADDED ENTRY ELEMENTS (KOHA)
Source of classification or shelving scheme
Holdings
Withdrawn status Lost status Source of classification or shelving scheme Damaged status Koha normalized classification for sorting Not for loan Permanent location Current location Date acquired Total Checkouts Full call number Barcode Date last seen Date last borrowed Price effective from Koha item type Shelving location
        729_000000000000000_KAR   BMS College of Architecture, Design and Planning BMS College of Architecture, Design and Planning 2020-03-17 2 729 KAR AR-UG1466 2025-09-29 2025-09-16 2020-03-17 UG Books  
        729_000000000000000_KAR   BMS College of Architecture, Design and Planning BMS College of Architecture, Design and Planning 2025-12-25   729 KAR AR-UG4958 2026-02-10   2026-02-10 B.PLAN General Stacks
Copyright © 2025, The Librarian, Library and Information Centre, BMSCA D&P, Bengaluru. All Rights Reserved
web counter

Powered by Koha